World Capitals with the Most Syllables - Statistics

General Stats
  • This quiz has been taken 10 times
  • The average score is 9 of 10
Answer Stats
Country Syllable count Capital City Details % Correct
Guatemala 6 Guatemala City Counting the full English common name of the capital.
100%
Thailand 6 Krung Thep Maha Nakhon The official administrative name for Bangkok in English.
100%
United States 5 Washington, D.C. Includes the standard abbreviation letters spoken aloud.
100%
Ethiopia 5 Addis Ababa Often called the political capital of Africa due to its historical importance.
89%
Madagascar 6 Antananarivo Commonly known short-form is Tana.
89%
Brunei 6 Bandar Seri Begawan Often abbreviated as BSB.
89%
Burkina Faso 5 Ouagadougou Commonly colloquially shortened to Ouaga.
89%
Suriname 5 Paramaribo The largest city in Suriname, located on the Suriname River.
89%
Côte d'Ivoire 5 Yamoussoukro The official political and administrative capital.
89%
Sri Lanka 8 Sri Jayawardenepura Kotte Official administrative capital since 1982. Colombo is the commercial capital.
78%
No matching quizzes found
Score Distribution
Percent of People with Each Score
Percentile by Number Answered
Your Score History
You have not taken this quiz